| 000 -ლიდერი |
| ფიქსირებული სიგრძის საკონტროლო ველი |
02059nam a2200289Ia 4500 |
| 001 - საკონტროლო ნომერი |
| საკონტროლო ველი |
17855 |
| 003 - საკონტროლო ნომრის იდენტიფიკატორი |
| საკონტროლო ველი |
GE_BSU |
| 005 - ბოლო ოპერაციის თარიღი და დრო |
| საკონტროლო ველი |
20250218171116.0 |
| 008 - ფიქსირებული სიგრძის მონაცემთა ელემენტები - ზოგადი ინფორმაცია |
| ფიქსირებული სიგრძის საკონტროლო ველი |
181216s||||||||xx |||||||||||||| ||und|| |
| 020 ## - წიგნის საერთაშორისო სტანდარტული ნომერი |
| International Standard Book Number |
9789941241154 |
| 040 ## - კატალოგიზაციის წყარო |
| Transcribing agency |
GE_BSU |
| 080 ## - უნივერსალური ათობითი კლასიფიკაციის ინდექსი |
| Universal Decimal Classification number |
27-36 |
| 245 ## - ცნობა სათაურის შესახებ |
| Title |
ღირსი ნიკოლოზ მირონმდინარე, მამა ხარლამპე დიონისელი, მამა ეფრემ კატუნაკელი / |
| Statement of responsibility, etc |
შემდგენელი კახაბერ კენკიშვილი ; გარეკანის დიზაინი რატი თორდია. |
| 264 ## - წარმოების, გამოცემის, დისტრიბუციის და სხვა ცნობები |
| გამოცემის, წარმოების, დისტრიბუციის... ადგილი |
თბილისი : |
| გამოცემის, წარმოების, დისტრიბუციის... სახელწოდება |
პალიტრა L, |
| გამოცემის, წარმოების, დისტრიბუციის... თარიღი |
2015. |
| 300 ## - ფიზიკური აღწერა |
| Extent |
240 გვ. ; |
| Dimensions |
20 სმ. |
| 490 ## - სერიის ცნობა |
| Series statement |
საქართველოს იმედი II : ყველა წმინდანი, რომელთა შესახებაც უნდა იცოდე, 2298-0547 / პროექტის რედაქტორი თამარ მამაცაშვილი ; |
| Volume number/sequential designation |
წიგნი 36. |
| 500 ## - ზოგადი შენიშვნა |
| General note |
იბეჭდება სრ. საქართველოს კათოლიკოს-პატრიარქის, უწმინდესისა და უნეტარესის ილია II-ის ლოცვა-კურთხევით |
| 653 ## - INDEX TERM--UNCONTROLLED |
| Uncontrolled term |
რელიგია |
| 653 ## - INDEX TERM--UNCONTROLLED |
| Uncontrolled term |
ღირსი ნიკოლოზ მირონმდინარე |
| 653 ## - INDEX TERM--UNCONTROLLED |
| Uncontrolled term |
მამა ხარლამპე დიონისელი |
| 653 ## - INDEX TERM--UNCONTROLLED |
| Uncontrolled term |
მამა ეფრემ კატუნაკელი |
| 700 ## - ADDED ENTRY--PERSONAL NAME |
| Personal name |
კენკიშვილი, კახაბერ |
| Relator term |
შემდგენელი |
| 9 (RLIN) |
24392 |
| 700 ## - ADDED ENTRY--PERSONAL NAME |
| Personal name |
მამაცაშვილი, თამარ |
| Relator term |
პროექტის რედაქტორი |
| 9 (RLIN) |
24393 |
| 700 ## - ADDED ENTRY--PERSONAL NAME |
| Personal name |
თორდია, რატი |
| Relator term |
გარეკანის დიზაინერი |
| 9 (RLIN) |
17902 |
| 942 ## - ADDED ENTRY ELEMENTS (KOHA) |
| Koha item type |
წიგნი |
| Source of classification or shelving scheme |
|